| 000 | 00841nam a2200241 i 4500 | ||
|---|---|---|---|
| 001 | 41659 | ||
| 003 | ES-MaACL | ||
| 005 | 20231218200130.0 | ||
| 007 | t| | ||
| 008 | 030311s1898 sp ||||1| spa d | ||
| 080 | _a821.134.2-14"19" | ||
| 100 | 1 |
_aCasanova, Sofía, _d1862-1958 _936108 |
|
| 245 | 1 | 0 |
_aFugaces / _cpor Sofía Casanova. |
| 260 |
_aLa Coruña : _bAndrés Martínez, _c1898 ( _fTip. de la Casa de Misericordia) |
||
| 300 |
_aVII, 160 p. ; _c19 cm. |
||
| 490 | 1 | _aBiblioteca gallega | |
| 505 | 8 | _aContiene: Juveniles (1882-1886) ; Ausencia (1887-1897) | |
| 530 | _aDisponible en formato digital. | ||
| 830 | 1 |
_aBiblioteca gallega _9180864 |
|
| 852 | 4 |
_aES-MaACL _jG-8510 |
|
| 856 | 4 |
_uhttp://biblioteca.galiciana.gal/es/consulta/registro.do?id=535990 _zGaliciana: Biblioteca Dixital de Galicia |
|
| 999 |
_c41659 _d41659 |
||